Jaki jest język w danej części kraju? #1 - Statystyki

Ogólne statystyki
  • Ten quiz został rozwiązany 19 razy
  • Średni wynik to 12 z 16
Statystyki odpowiedzi
Obrazkowy Odpowiedź % Poprawnych
Angielski
100%
Duński
100%
Irlandzki
100%
Islandzki
100%
Litewski
100%
Łotewski
100%
Niemiecki
100%
Szkocki
100%
Afrikaans
91%
Albański
91%
Bretoński
64%
Fryzyjski
64%
Żmudzki
64%
Walijski
45%
Holandzki
9%
Łatgalski
0%
Nie znaleziono quizów pasujących do podanych kryteriów
Rozkład punktacji
Procent ludzi z każdym wynikiem
Percentyl według liczby udzielonych odpowiedzi
Twoja historia wyników
Nie rozwiązałeś tego quizu